<?xml version="1.0" encoding="UTF-8"?>
<collection xmlns="http://www.loc.gov/MARC21/slim">
  <record>
    <leader>00000nam  2200000   4500</leader>
    <controlfield tag="001">INLIS000000000019460</controlfield>
    <controlfield tag="005">20250224031627</controlfield>
    <datafield tag="035" ind1="#" ind2="#">
      <subfield code="a">0010-0225000417</subfield>
    </datafield>
    <controlfield tag="007">ta</controlfield>
    <controlfield tag="008">250224################|##########|#|##</controlfield>
    <datafield tag="084" ind1="#" ind2="#">
      <subfield code="a">R 0005 PKN II 2024</subfield>
    </datafield>
    <datafield tag="100" ind1=" " ind2="#">
      <subfield code="a">Edvidel Arda</subfield>
    </datafield>
    <datafield tag="245" ind1="1" ind2="#">
      <subfield code="a">Strategi Cerdaas Meningkatkan Skor Pola Pangan Pangan Harapan Kosumsi Dengan Pangan Lokal /</subfield>
      <subfield code="c">Edvidel Arda</subfield>
    </datafield>
    <datafield tag="250" ind1="#" ind2="#">
      <subfield code="a">1</subfield>
    </datafield>
    <datafield tag="260" ind1="#" ind2="#">
      <subfield code="a">Jakarta :</subfield>
      <subfield code="b">Pusbangkom Pimnas,</subfield>
      <subfield code="c">2024</subfield>
    </datafield>
    <datafield tag="300" ind1="#" ind2="#">
      <subfield code="a">64 :</subfield>
      <subfield code="b">ilus ;</subfield>
      <subfield code="c">29 x 21 x 0,5</subfield>
    </datafield>
    <datafield tag="650" ind1="#" ind2="4">
      <subfield code="a">Sistem</subfield>
    </datafield>
    <datafield tag="520" ind1="#" ind2="#">
      <subfield code="a">Proyek perubahan adalah&#13;
adalah suatu inisiatif yang&#13;
direncanakan dan dilaksanakan untuk&#13;
menghasilkan perubahan positif atau&#13;
solusi terhadap suatu masalah atau&#13;
kondisi yang dianggap perlu&#13;
diperbaiki. Berkaitan dengan&#13;
perubahan yang akan dilakukan maka&#13;
kami memilih judul proyek perubahan&#13;
adalah startegi cerdas meningkatkan&#13;
skor Pola Pangan Harapan konsumsi&#13;
dengan Pangan Lokal.&#13;
Skor PPH konsumsi merupakan&#13;
indikator mutu gizi dan keragaman&#13;
konsumsi pangan sehingga dapat&#13;
digunakan untuk merencanakan&#13;
kebutuhan konsumsi pangan. Skor&#13;
PPH maksimal adalah 100. Semakin&#13;
tinggi skor PPH, maka semakin&#13;
beragam dan seimbang konsumsi&#13;
pangan masyarakat. Tahun 2024 skor&#13;
PPH Konsumsi Kota Payakumbuh&#13;
adalah 87,7. Masyarakat Kota&#13;
Payakumbuh masih kurang dalam hal&#13;
mengkonsumsi umbi umbian, kacang&#13;
kacangan dan sayur dan buah buahan&#13;
sementara konsumsi beras melebihi&#13;
dari yang di tetapkan.&#13;
&#13;
Kegiatan yang telah dilakukan&#13;
guna meningkatkan kesadaran&#13;
masyarakat untuk mengkonsumsi&#13;
umbi umbian dan kompanye pangan&#13;
lokal dan cara pengolahannya jangka&#13;
pendek adalah FGD Pangan Lokal,&#13;
Pembuatan Banner Pangan Lokal,&#13;
melakukan lomba pengolahan&#13;
pangan berbahan dasar pangan lokal&#13;
non beras non terigu, lounching&#13;
konsumsi pagan lokal, pameran&#13;
pangan lokal dan hasil pekarangan,&#13;
gerakan pangan murah, membuat&#13;
Surat edaran Walikota tentang&#13;
Gerakan diversifikasi pangan lokal&#13;
non beras non terigu, Gelar Pangan&#13;
Lokal bagi siswa, melakukan&#13;
sosialisasi Pangan lokal ke sekolah&#13;
sekolah, KWT dan PKK. Kegiatan&#13;
jangka menegah dan jangka panjang&#13;
akan dilakukan pada saat selesai&#13;
kegiatan PKN2 ini.&#13;
Dengan kegiatan kegiatan&#13;
tersebut diatas yang akan&#13;
dilaksanakan oleh Tim efektif dan&#13;
dibantu oleh Stakeholder lainnya&#13;
maka diharapkan skor PolavPangan&#13;
Harapan Kota Payakumbuh pada&#13;
Tahun berikutnya yaitu tahun 2025&#13;
dapat mencapai mendekati kondisi&#13;
ideal ( 100% )</subfield>
    </datafield>
    <datafield tag="856" ind1="#" ind2="#">
      <subfield code="a">Perpustakaan Pusat LAN</subfield>
    </datafield>
    <datafield tag="990" ind1="#" ind2="#">
      <subfield code="a">2024/1.2,2/A/0005</subfield>
    </datafield>
  </record>
</collection>
